Coherence of light
Gardado en:
| Autor Principal: | |
|---|---|
| Formato: | Libro |
| Idioma: | inglés |
| Publicado: |
Londres
Van Nostrand Reinhold
1972
|
| Subjects: | |
| Tags: |
Engadir etiqueta
Sen Etiquetas, Sexa o primeiro en etiquetar este rexistro!
|
MARC
| LEADER | 00000nam a2200000 a 4500 | ||
|---|---|---|---|
| 001 | UCV6178 | ||
| 003 | CL-VaPUC | ||
| 008 | 890829e19720000UK |||||||||||||||||eng|d | ||
| 082 | 0 | 4 | |a 535 |b PER |2 21 |
| 100 | 0 | |a Perina, Jan |e author |9 300409 | |
| 245 | 1 | 0 | |a Coherence of light |
| 300 | |a 315 p | ||
| 942 | |c BK | ||
| 945 | |d 19890829 00:00:00 | ||
| 260 | |a Londres |b Van Nostrand Reinhold |c 1972 | ||
| 650 | 0 | |a Optica |9 263171 | |
| 650 | 0 | |a Luz |9 263172 | |
| 583 | |a last modification |c 20150713 14:24:59 |k Rodrigo Vera | ||
| 999 | |c 212380 |d 212378 | ||
| 952 | |0 0 |1 0 |4 0 |6 535_000000000000000_PER_1972 |7 0 |8 A |9 193289 |a BIBCUR |b BIBCUR |d 2019-11-14 |i 3177890 |o 535 PER 1972 |p 3177890 |r 2025-04-22 |w 2019-11-14 |y BK |k BCB | ||